| 000 | 00652nam a22002057a 4500 | ||
|---|---|---|---|
| 003 | OSt | ||
| 005 | 20260212073351.0 | ||
| 008 | 260212b |||||||| |||| 00| 0 eng d | ||
| 020 | _a81-8370-066-7. | ||
| 040 |
_aDWC-Main lib _cOC |
||
| 082 | _aCirc. 910.46 C495 2006 | ||
| 100 | _aChaturvedi, H. C. | ||
| 245 |
_aHotel management : _bcurrent issues and practices _cH. C. Chaturvedi |
||
| 260 |
_aNew Delhi : _bAkansha Publishing House, _cc2006. |
||
| 300 |
_a279 pages : _c22 cm. |
||
| 504 | _aIncludes bibliographical references and index. | ||
| 650 | _a1. Hospitality industry. | ||
| 650 | _a2. Hotels and Motels. | ||
| 942 |
_2ddc _cBK-CIRC _kCirc. _n0 |
||
| 999 |
_c8376 _d8376 |
||